| Tag |
First Indicator |
Second Indicator |
Subfields |
| LEADER |
00000cam a2200000 a 4500 |
| 001 |
in00001758905 |
| 005 |
20151025051321.0 |
| 008 |
030106s2003 enka be 001 0 eng c |
| 015 |
|
|
|a GBA3-Y8572
|
| 016 |
7 |
|
|a 101182215
|2 DNLM
|
| 020 |
|
|
|a 0333803868
|
| 035 |
|
|
|a (OCoLC)ocm51668320
|
| 040 |
|
|
|a UKM
|c UKM
|d OBE
|d NLM
|d TXA
|d UtOrBLW
|
| 042 |
|
|
|a pcc
|
| 049 |
|
|
|a TXAM
|
| 050 |
|
4 |
|a QH447
|b .E53 2003
|
| 060 |
0 |
0 |
|a QH 447
|b N285 2003
|
| 082 |
0 |
4 |
|a 611.0181603
|2 21
|
| 245 |
0 |
0 |
|a Nature encyclopedia of the human genome /
|c editor-in-chief, David N. Cooper.
|
| 246 |
3 |
0 |
|a Encyclopedia of the human genome
|
| 264 |
|
1 |
|a London ;
|a New York :
|b Nature Pub. Group,
|c 2003.
|
| 300 |
|
|
|a 5 volumes :
|b illustrations (some color) ;
|c 28 cm.
|
| 336 |
|
|
|a text
|b txt
|2 rdacontent
|
| 337 |
|
|
|a unmediated
|b n
|2 rdamedia
|
| 338 |
|
|
|a volume
|b nc
|2 rdacarrier
|
| 504 |
|
|
|a Includes bibliographical references and index.
|
| 505 |
0 |
|
|a v. 1. Absolute pitch: Genetics - DiGeorge syndrome and Velocardiofacial syndrome (VCFS) -- v. 2. Digital image analysis - Gene trees and species trees -- v. 3. Genome databases - Mitochondrial genome: Evolution -- v. 4. Mitochondrial heteroplasmy and disease - Relatives-based test for linkage disequilibrium: the transmission/disequilibrium test (TDT) -- v. 5. Renal carcinoma and von Hippel-Lindau disease - Zuckerkandl, Emile.
|
| 650 |
|
0 |
|a Human genome
|v Encyclopedias.
|
| 650 |
|
0 |
|a Human genetics
|v Encyclopedias.
|
| 650 |
1 |
2 |
|a Genome, Human
|v Encyclopedias
|x English.
|
| 650 |
2 |
2 |
|a Genetics
|v Encyclopedias
|x English.
|
| 700 |
1 |
|
|a Cooper, David N.
|q (David Neil),
|d 1957-
|
| 710 |
2 |
|
|a Nature Publishing Group.
|
| 994 |
|
|
|a E0
|b TXA
|
| 948 |
|
|
|a cataloged
|b h
|c 2003/8/8
|d c
|e blrosas
|f 10:46:32 am
|
| 999 |
|
|
|a MARS
|
| 999 |
f |
f |
|s 0269fc86-300d-3248-88c3-1666334b5f6c
|i fca826c9-d39f-3092-9e53-3d79dbe29462
|t 0
|
| 952 |
f |
f |
|p storage
|a Texas A&M University
|b J.J. Pickle Campus
|c High Density Repository
|d Remote Storage
|t 0
|e QH447 .E53 2003
|h Library of Congress classification
|i unmediated -- volume
|k v.3
|m A14830451416
|
| 952 |
f |
f |
|p storage
|a Texas A&M University
|b J.J. Pickle Campus
|c High Density Repository
|d Remote Storage
|t 0
|e QH447 .E53 2003
|h Library of Congress classification
|i unmediated -- volume
|k v.2
|m A14830450826
|
| 952 |
f |
f |
|p storage
|a Texas A&M University
|b J.J. Pickle Campus
|c High Density Repository
|d Remote Storage
|t 0
|e QH447 .E53 2003
|h Library of Congress classification
|i unmediated -- volume
|k v.1
|m A14830450868
|
| 952 |
f |
f |
|p storage
|a Texas A&M University
|b J.J. Pickle Campus
|c High Density Repository
|d Remote Storage
|t 0
|e QH447 .E53 2003
|h Library of Congress classification
|i unmediated -- volume
|k v.4
|m A14830451377
|
| 952 |
f |
f |
|p storage
|a Texas A&M University
|b J.J. Pickle Campus
|c High Density Repository
|d Remote Storage
|t 0
|e QH447 .E53 2003
|h Library of Congress classification
|i unmediated -- volume
|k v.5
|m A14830451335
|
| 998 |
f |
f |
|a QH447 .E53 2003
|s v.1-5
|t 0
|l Remote Storage
|